Los métodos de investigación en las ciencias sociales
Guardat en:
| Autors principals: | , |
|---|---|
| Format: | Llibre |
| Idioma: | espanyol |
| Publicat: |
Buenos Aires
Paidós
1978
|
| Edició: | 3a. ed |
| Col·lecció: | Biblioteca de Psicología Social y sociología, 25
|
| Matèries: | |
| Etiquetes: |
Afegir etiqueta
Sense etiquetes, Sigues el primer a etiquetar aquest registre!
|
MARC
| LEADER | 00000nam a2200000 a 4500 | ||
|---|---|---|---|
| 001 | UCR3275 | ||
| 003 | CL-VaPUC | ||
| 008 | 980124e19780000AG |||||||||||||||||spa|d | ||
| 082 | 0 | 4 | |a 300.1 |b FES |2 21 |
| 100 | |a Festinger, Leon |e author |9 414107 | ||
| 700 | |a Katz, Daniel |e author |9 486695 | ||
| 245 | 1 | 4 | |a Los métodos de investigación en las ciencias sociales |
| 250 | |a 3a. ed | ||
| 300 | |a 590 p | ||
| 942 | |c BK | ||
| 945 | |d 19980124 00:00:00 |a crobeson | ||
| 260 | |a Buenos Aires |b Paidós |c 1978 | ||
| 650 | 0 | |a Ciencias sociales |9 256351 | |
| 650 | 0 | |a Sociología |9 255410 | |
| 650 | 0 | |a Metodología |9 256610 | |
| 650 | 0 | |a Psicología social |9 222894 | |
| 650 | 0 | |a Investigación científica |9 259857 | |
| 583 | |a last modification |c 19980124 00:00:00 |k Rodrigo Vera | ||
| 490 | 0 | |a Biblioteca de Psicología Social y sociología, 25 | |
| 999 | |c 266369 |d 266367 | ||
| 952 | |0 0 |1 0 |4 0 |6 300_100000000000000_FES_1978 |7 0 |8 P |9 297908 |a BIBGIM |b BIBGIM |d 2019-11-20 |i 1942638 |l 1 |o 300.1 FES 1978 |p 1942638 |r 2025-01-15 |s 2022-06-15 |w 2019-11-20 |y BK |k SSL | ||